<The> Economic Effects of Taxing Capital Income
Salvato in:
| Autore principale: | |
|---|---|
| Natura: | Libro |
| Lingua: | inglese |
| Pubblicazione: |
Cambridge
The MIT Press
1994
|
| Edizione: | 1. ed. |
| Soggetti: | |
| Tags: |
Nessun Tag, puoi essere il primo ad aggiungerne!!
|
MARC
| LEADER | 00000nam a2200000 4500 | ||
|---|---|---|---|
| 001 | c014774 | ||
| 005 | 20221205140433.4 | ||
| 020 | |a 0-262-07158-4 | ||
| 041 | 0 | |a eng | |
| 044 | |a US | ||
| 245 | 1 | 0 | |a <The> Economic Effects of Taxing Capital Income |c Jane G. Gravelle |
| 250 | |a 1. ed. | ||
| 264 | 1 | |a Cambridge |b The MIT Press |c 1994 | |
| 300 | |a 339 s. | ||
| 610 | 2 | 0 | |a dane |
| 610 | 2 | 0 | |a dane zo zisku |
| 610 | 2 | 0 | |a dane majetkové |
| 610 | 2 | 0 | |a USA |
| 100 | 1 | |a Gravelle, Jane G. | |